=LDR 00000nam 2200000 4500 =001 INLIS000000000050452 =005 20170504020848 =035 ##$$a 0010-0517000105 =007 ta =008 170504###########################0###### =020 ##$$a 978 - 602 - 6348 - 02 - 9 =082 ##$$a 635.6 =084 ##$$a 635.6 PRI c =100 #$$a Prianto, Joko =245 1#$$a Cara gampang usaha dan bisnis terong /$c Joko Prianto =250 ##$$a Cet.1 =260 ##$$a Yogyakarta :$b Villam Media,$c 2016 =300 ##$$a 108 hlm : $b ilus ; $c 20,5 cm =650 ##$$a TERONG =990 ##$$a 78447844 =990 ##$$a 78447844 =990 ##$$a 31701231 =990 ##$$a 02201707844 =990 ##$$a 31701232 =990 ##$$a 31701231